Foundation engineering /

The scope of the book has been enlarged to include discussions of foundations on rock, on swelling soils, on fill and on flexible earth-retaining structures such as braced and tieback walls and anchored bulkheads.

Zapisane w:
Opis bibliograficzny
1. autor: Peck, Ralph B.
Kolejni autorzy: Thornburn, Thomas H., Hanson, Walter E.
Format: Książka
Język:English
Wydane: New York : John Wiley and Sons, 1974.
Wydanie:2nd ed.
Hasła przedmiotowe:
Etykiety: Dodaj etykietę
Nie ma etykietki, Dołącz pierwszą etykiete!
Thư viện lưu trữ: Mạng thư viện Đại học Đà Nẵng
LEADER 01173cam a2200373 i 4500
001 000048894
003 8620
005 20051111141821.0
008 010324b1974 vm 000 eng
020 |a 0471675857 :  |c 1 
040 |a IRC  |c IRC  |d IRC 
041 0 |a eng 
082 1 4 |a 624.15  |b PE-R 
100 1 |a Peck, Ralph B.  |q (Ralph Brazelton) 
245 0 0 |a Foundation engineering /  |c Ralph B. Peck, Walter E. Hanson, Thomas H. Thornburn. 
250 |a 2nd ed. 
260 |a New York :  |b John Wiley and Sons,  |c 1974. 
300 |a 514 p. ;  |c 25cm. 
520 3 |a The scope of the book has been enlarged to include discussions of foundations on rock, on swelling soils, on fill and on flexible earth-retaining structures such as braced and tieback walls and anchored bulkheads. 
630 0 4 |a Foundations. 
630 0 4 |a Engineering. 
650 0 4 |a Foundations. 
700 1 |a Thornburn, Thomas H. 
700 1 |a Hanson, Walter E. 
OWN |a DUT 
999 |a From the UDN01 
TYP |a Monograph 
TYP |a Printed language 
980 |a Mạng thư viện Đại học Đà Nẵng